|
|
|
|
| LEADER |
01310nam a22003494a 4500 |
| 001 |
EBC273551 |
| 003 |
MiAaPQ |
| 005 |
20200520144314.0 |
| 006 |
m o d | |
| 007 |
cr cn||||||||| |
| 008 |
040824s2005 dcuab sb 001 0 eng |
| 010 |
|
|
|z 2004020089
|
| 020 |
|
|
|z 0815755007 (cloth)
|
| 035 |
|
|
|a (MiAaPQ)EBC273551
|
| 035 |
|
|
|a (Au-PeEL)EBL273551
|
| 035 |
|
|
|a (CaPaEBR)ebr10077283
|
| 035 |
|
|
|a (CaONFJC)MIL81309
|
| 035 |
|
|
|a (OCoLC)57586710
|
| 040 |
|
|
|a MiAaPQ
|c MiAaPQ
|d MiAaPQ
|
| 050 |
|
4 |
|a HG1325
|b .M375 2005
|
| 082 |
0 |
4 |
|a 332.4/96
|2 22
|
| 100 |
1 |
|
|a Masson, Paul R.
|
| 245 |
1 |
4 |
|a The monetary geography of Africa
|h [electronic resource] /
|c Paul R. Masson, Catherine Pattillo.
|
| 260 |
|
|
|a Washington, D.C. :
|b Brookings Institution Press,
|c c2005.
|
| 300 |
|
|
|a xix, 217 p. :
|b ill., maps.
|
| 504 |
|
|
|a Includes bibliographical references (p. 197-205) and index.
|
| 533 |
|
|
|a Electronic reproduction. Ann Arbor, MI : ProQuest, 2015. Available via World Wide Web. Access may be limited to ProQuest affiliated libraries.
|
| 650 |
|
0 |
|a Monetary policy
|z Africa.
|
| 655 |
|
4 |
|a Electronic books.
|
| 700 |
1 |
|
|a Pattillo, Catherine A.
|q (Catherine Anne)
|
| 710 |
2 |
|
|a ProQuest (Firm)
|
| 856 |
4 |
0 |
|u https://ebookcentral.proquest.com/lib/matrademy/detail.action?docID=273551
|z Click to View
|